| 000 | 00545nam a2200169Ia 4500 | ||
|---|---|---|---|
| 008 | 220214s9999 xx 000 0 und d | ||
| 100 | _aNah Changwoon | ||
| 245 | 0 | _aEffects of trans-polyoctylene rubber on rheological and green tensile properties of natural rubber/acrylonitrile-butadiene rubber blends | |
| 260 |
_bPolymer International _c2002 |
||
| 300 | _a245-252 | ||
| 650 | _aDie swell | ||
| 650 | _aNR/NBR blends | ||
| 650 | _aRheological property | ||
| 650 | _aTensile property | ||
| 650 | _atrans-polyoctylene (TOR) | ||
| 942 | _cRE | ||
| 999 |
_c45531 _d45531 |
||